| 000 | 01158nam a22002777a 4500 | ||
|---|---|---|---|
| 001 | 8728 | ||
| 003 | FISKH | ||
| 005 | 20251014100110.0 | ||
| 008 | 251014b cb ||||| |||| 00| 0 eng d | ||
| 020 | _a9780194786119 | ||
| 040 |
_aFISKH _beng _cFISKH _dFISKH |
||
| 050 | _aPE1126.N43 B37 | ||
| 082 | _a428.6 | ||
| 100 |
_aBassett, Jennifer _eAuthor |
||
| 245 |
_aShirley Homes and the cyber thief / _cIllustrated by Nelson Evergreen |
||
| 260 |
_aGreat Clarendon street : _bOxford University , _c2013 |
||
| 300 |
_a56 pages : _billustrations ; _c20 cm |
||
| 505 | _aG | ||
| 520 | _aHelp your students read their way to better English.The Oxford Bookworms Library offers high-quality storytelling and a great reading experience, with a world wide range of classic and modern fiction, non-fiction and plays. Bookworms include original and adapted texts in seven carefully graded language stages (Starter to Stage 6), which take learnersfrom beginner to advanced level. | ||
| 521 | 8 |
_a410
_bLexile |
|
| 521 | 8 |
_aG
_bRaz-Plus |
|
| 650 |
_aCrime _vDrama |
||
| 700 |
_aEvergreen, Nelson _eIllustrator |
||
| 942 |
_2ddc _cBK _n0 |
||
| 999 |
_c8728 _d8728 |
||